100 ý tưởng tiếp thị tuyệt hay : Từ những công ty hàng đầu trên khắp thế giới = 100 great marketing ideas

Nội dung là các bài viết chia sẻ về cách tiếp thị như: Bạn có biết cách sử dụng quà khuyến mãi thực sự khuyến khích được mãi lực? Bạn có thương hiệu gây sốc? Bạn có biết cách "xua đuổi" những khách hàng bạn không muốn? Hoặc...

ver descrição completa

Na minha lista:
Detalhes bibliográficos
Autor principal: Blythe, Jim
Formato: Livro
Idioma:Undetermined
Publicado em: Thành phố Hồ Chí Minh Trẻ 2016
Assuntos:
Tags: Adicionar Tag
Sem tags, seja o primeiro a adicionar uma tag!
Thư viện lưu trữ: Trung tâm Học liệu Trường Đại học Cần Thơ
LEADER 01148nam a2200217Ia 4500
001 CTU_227040
008 210402s9999 xx 000 0 und d
020 |c 67000 
082 |a 658.8 
082 |b B661 
100 |a Blythe, Jim 
245 0 |a 100 ý tưởng tiếp thị tuyệt hay : 
245 0 |b Từ những công ty hàng đầu trên khắp thế giới = 100 great marketing ideas 
245 0 |c Jim Blythe ; Mạc Tú Anh (dịch) 
260 |a Thành phố Hồ Chí Minh 
260 |b Trẻ 
260 |c 2016 
520 |a Nội dung là các bài viết chia sẻ về cách tiếp thị như: Bạn có biết cách sử dụng quà khuyến mãi thực sự khuyến khích được mãi lực? Bạn có thương hiệu gây sốc? Bạn có biết cách "xua đuổi" những khách hàng bạn không muốn? Hoặc thậm chí là làm sao phát hiện ra họ đang đến?... 
650 |a Marketing management,Quản trị tiếp thị 
904 |i Bằng 
980 |a Trung tâm Học liệu Trường Đại học Cần Thơ